<?xml version="1.0" encoding="UTF-8"?>
<record
    xmlns:xsi="http://www.w3.org/2001/XMLSchema-instance"
    xsi:schemaLocation="http://www.loc.gov/MARC21/slim http://www.loc.gov/standards/marcxml/schema/MARC21slim.xsd"
    xmlns="http://www.loc.gov/MARC21/slim">

  <leader>00872nas a2200253 i 4500</leader>
  <controlfield tag="005">20260514123614.0</controlfield>
  <controlfield tag="007">ta</controlfield>
  <controlfield tag="008">260514b        |||||||| |||| 00| 0 spa d</controlfield>
  <datafield tag="022" ind1=" " ind2=" ">
    <subfield code="a">1811-508x</subfield>
  </datafield>
  <datafield tag="040" ind1=" " ind2=" ">
    <subfield code="a">DO-SdBNP</subfield>
    <subfield code="b">spa</subfield>
    <subfield code="c">BNPHU</subfield>
    <subfield code="e">rda</subfield>
  </datafield>
  <datafield tag="110" ind1=" " ind2=" ">
    <subfield code="a">Hospital General Regional Dr. Marcelino Velez Santana</subfield>
    <subfield code="9">89560</subfield>
  </datafield>
  <datafield tag="245" ind1=" " ind2=" ">
    <subfield code="a">Salud moderna</subfield>
  </datafield>
  <datafield tag="264" ind1=" " ind2=" ">
    <subfield code="a">Santo Domingo, Rep&#xFA;blica Dominicana :</subfield>
    <subfield code="b">PROGRAFICA ;</subfield>
    <subfield code="c">2004.</subfield>
  </datafield>
  <datafield tag="300" ind1=" " ind2=" ">
    <subfield code="a">volumen : </subfield>
    <subfield code="b">Ilustraciones, tablas, gr&#xE1;ficos ; </subfield>
    <subfield code="c">28 cm.</subfield>
  </datafield>
  <datafield tag="310" ind1=" " ind2=" ">
    <subfield code="a">Trimestral.</subfield>
  </datafield>
  <datafield tag="336" ind1=" " ind2=" ">
    <subfield code="a">texto</subfield>
    <subfield code="b">txt</subfield>
    <subfield code="2">rdacontent</subfield>
  </datafield>
  <datafield tag="337" ind1=" " ind2=" ">
    <subfield code="a">sin mediaci&#xF3;n </subfield>
    <subfield code="b">n</subfield>
    <subfield code="2">rdamedia</subfield>
  </datafield>
  <datafield tag="338" ind1=" " ind2=" ">
    <subfield code="a">volumen</subfield>
    <subfield code="b">nc</subfield>
    <subfield code="2">rdacarrier</subfield>
  </datafield>
  <datafield tag="500" ind1=" " ind2=" ">
    <subfield code="a">Catalogaci&#xF3;n basada en publicaci&#xF3;n A&#xF1;o 1, N&#xB0; 4, agosto-octubre 2004. </subfield>
  </datafield>
  <datafield tag="650" ind1=" " ind2="0">
    <subfield code="a">Medicina</subfield>
    <subfield code="9">12481</subfield>
  </datafield>
  <datafield tag="650" ind1=" " ind2="0">
    <subfield code="a">Instituciones de salud </subfield>
    <subfield code="9">77849</subfield>
  </datafield>
  <datafield tag="655" ind1=" " ind2="0">
    <subfield code="a">Publicaciones peri&#xF3;dicas</subfield>
    <subfield code="9">87420</subfield>
  </datafield>
  <datafield tag="942" ind1=" " ind2=" ">
    <subfield code="2">ddc</subfield>
    <subfield code="c">ISSUE</subfield>
  </datafield>
  <datafield tag="952" ind1=" " ind2=" ">
    <subfield code="0">0</subfield>
    <subfield code="1">0</subfield>
    <subfield code="2">ddc</subfield>
    <subfield code="4">0</subfield>
    <subfield code="5">6</subfield>
    <subfield code="7">0</subfield>
    <subfield code="8">SE</subfield>
    <subfield code="a">BNPHU</subfield>
    <subfield code="b">BNPHU</subfield>
    <subfield code="d">2026-05-14</subfield>
    <subfield code="h">A&#xF1;o 1, N&#xB0; 4, agosto - octubre 2004</subfield>
    <subfield code="l">0</subfield>
    <subfield code="p">2026-4029</subfield>
    <subfield code="r">2026-05-14</subfield>
    <subfield code="t">e.1</subfield>
    <subfield code="w">2026-05-14</subfield>
    <subfield code="y">ISSUE</subfield>
    <subfield code="z">Disponible para consulta en: Hemeroteca.</subfield>
  </datafield>
  <datafield tag="952" ind1=" " ind2=" ">
    <subfield code="0">0</subfield>
    <subfield code="1">0</subfield>
    <subfield code="2">ddc</subfield>
    <subfield code="4">0</subfield>
    <subfield code="5">6</subfield>
    <subfield code="7">0</subfield>
    <subfield code="8">SE</subfield>
    <subfield code="a">BNPHU</subfield>
    <subfield code="b">BNPHU</subfield>
    <subfield code="d">2026-05-14</subfield>
    <subfield code="h">A&#xF1;o 3, N&#xB0; 11, noviembre - enero 2007</subfield>
    <subfield code="l">0</subfield>
    <subfield code="p">2026-4030</subfield>
    <subfield code="r">2026-05-14</subfield>
    <subfield code="t">e.1</subfield>
    <subfield code="w">2026-05-14</subfield>
    <subfield code="y">ISSUE</subfield>
    <subfield code="z">Disponible para consulta en: Hemeroteca.</subfield>
  </datafield>
  <datafield tag="952" ind1=" " ind2=" ">
    <subfield code="0">0</subfield>
    <subfield code="1">0</subfield>
    <subfield code="2">ddc</subfield>
    <subfield code="4">0</subfield>
    <subfield code="5">6</subfield>
    <subfield code="7">0</subfield>
    <subfield code="8">SE</subfield>
    <subfield code="a">BNPHU</subfield>
    <subfield code="b">BNPHU</subfield>
    <subfield code="d">2026-05-14</subfield>
    <subfield code="h">A&#xF1;o 3, N&#xB0; 12, marzo - mayo 2007</subfield>
    <subfield code="l">0</subfield>
    <subfield code="p">2026-4034</subfield>
    <subfield code="r">2026-05-14</subfield>
    <subfield code="t">e.1</subfield>
    <subfield code="w">2026-05-14</subfield>
    <subfield code="y">ISSUE</subfield>
    <subfield code="z">Disponible para consulta en: Hemeroteca.</subfield>
  </datafield>
  <datafield tag="952" ind1=" " ind2=" ">
    <subfield code="0">0</subfield>
    <subfield code="1">0</subfield>
    <subfield code="2">ddc</subfield>
    <subfield code="4">0</subfield>
    <subfield code="5">6</subfield>
    <subfield code="7">0</subfield>
    <subfield code="8">SE</subfield>
    <subfield code="a">BNPHU</subfield>
    <subfield code="b">BNPHU</subfield>
    <subfield code="d">2026-05-14</subfield>
    <subfield code="h">A&#xF1;o 4, N&#xB0; 13, julio - septimbre 2007</subfield>
    <subfield code="l">0</subfield>
    <subfield code="p">2026-4031</subfield>
    <subfield code="r">2026-05-14</subfield>
    <subfield code="t">e.1</subfield>
    <subfield code="w">2026-05-14</subfield>
    <subfield code="y">ISSUE</subfield>
    <subfield code="z">Disponible para consulta en: Hemeroteca.</subfield>
  </datafield>
  <datafield tag="952" ind1=" " ind2=" ">
    <subfield code="0">0</subfield>
    <subfield code="1">0</subfield>
    <subfield code="2">ddc</subfield>
    <subfield code="4">0</subfield>
    <subfield code="5">6</subfield>
    <subfield code="7">0</subfield>
    <subfield code="8">SE</subfield>
    <subfield code="a">BNPHU</subfield>
    <subfield code="b">BNPHU</subfield>
    <subfield code="d">2026-05-14</subfield>
    <subfield code="h">A&#xF1;o 5, N&#xB0; 18, agosto - octubre 2009</subfield>
    <subfield code="l">0</subfield>
    <subfield code="p">2026-4032</subfield>
    <subfield code="r">2026-05-14</subfield>
    <subfield code="t">e.1</subfield>
    <subfield code="w">2026-05-14</subfield>
    <subfield code="y">ISSUE</subfield>
    <subfield code="z">Disponible para consulta en: Hemeroteca.</subfield>
  </datafield>
  <datafield tag="952" ind1=" " ind2=" ">
    <subfield code="0">0</subfield>
    <subfield code="1">0</subfield>
    <subfield code="2">ddc</subfield>
    <subfield code="4">0</subfield>
    <subfield code="5">6</subfield>
    <subfield code="7">0</subfield>
    <subfield code="8">SE</subfield>
    <subfield code="a">BNPHU</subfield>
    <subfield code="b">BNPHU</subfield>
    <subfield code="d">2026-05-14</subfield>
    <subfield code="h">A&#xF1;o 6, N&#xB0; 19, enero - marzo 2010</subfield>
    <subfield code="l">0</subfield>
    <subfield code="p">2026-4033</subfield>
    <subfield code="r">2026-05-14</subfield>
    <subfield code="t">e.1</subfield>
    <subfield code="w">2026-05-14</subfield>
    <subfield code="y">ISSUE</subfield>
    <subfield code="z">Disponible para consulta en: Hemeroteca.</subfield>
  </datafield>
  <datafield tag="952" ind1=" " ind2=" ">
    <subfield code="0">0</subfield>
    <subfield code="1">0</subfield>
    <subfield code="2">ddc</subfield>
    <subfield code="4">0</subfield>
    <subfield code="5">6</subfield>
    <subfield code="7">0</subfield>
    <subfield code="8">SE</subfield>
    <subfield code="a">BNPHU</subfield>
    <subfield code="b">BNPHU</subfield>
    <subfield code="d">2026-05-14</subfield>
    <subfield code="h">A&#xF1;o 4, N&#xB0; 15, abril - junio 2008.</subfield>
    <subfield code="l">0</subfield>
    <subfield code="p">2026-4035</subfield>
    <subfield code="r">2026-05-14</subfield>
    <subfield code="t">e.1</subfield>
    <subfield code="w">2026-05-14</subfield>
    <subfield code="y">ISSUE</subfield>
    <subfield code="z">Disponible para consulta en: Hemeroteca.</subfield>
  </datafield>
  <datafield tag="952" ind1=" " ind2=" ">
    <subfield code="0">0</subfield>
    <subfield code="1">0</subfield>
    <subfield code="2">ddc</subfield>
    <subfield code="4">0</subfield>
    <subfield code="5">6</subfield>
    <subfield code="7">0</subfield>
    <subfield code="8">SE</subfield>
    <subfield code="a">BNPHU</subfield>
    <subfield code="b">BNPHU</subfield>
    <subfield code="d">2026-05-14</subfield>
    <subfield code="h">A&#xF1;o 5, N&#xB0; 17, febrero - abril 2009.</subfield>
    <subfield code="l">0</subfield>
    <subfield code="p">2026-4036</subfield>
    <subfield code="r">2026-05-14</subfield>
    <subfield code="t">e.1</subfield>
    <subfield code="w">2026-05-14</subfield>
    <subfield code="y">ISSUE</subfield>
    <subfield code="z">Disponible para consulta en: Hemeroteca.</subfield>
  </datafield>
  <datafield tag="952" ind1=" " ind2=" ">
    <subfield code="0">0</subfield>
    <subfield code="1">0</subfield>
    <subfield code="2">ddc</subfield>
    <subfield code="4">0</subfield>
    <subfield code="5">6</subfield>
    <subfield code="7">0</subfield>
    <subfield code="8">SE</subfield>
    <subfield code="a">BNPHU</subfield>
    <subfield code="b">BNPHU</subfield>
    <subfield code="d">2026-05-14</subfield>
    <subfield code="h">A&#xF1;o 6, N&#xB0; 20, agosto - octubre 2010.</subfield>
    <subfield code="l">0</subfield>
    <subfield code="p">2026-4037</subfield>
    <subfield code="r">2026-05-14</subfield>
    <subfield code="t">e.1</subfield>
    <subfield code="w">2026-05-14</subfield>
    <subfield code="y">ISSUE</subfield>
    <subfield code="z">Disponible para consulta en: Hemeroteca.</subfield>
  </datafield>
  <datafield tag="952" ind1=" " ind2=" ">
    <subfield code="0">0</subfield>
    <subfield code="1">0</subfield>
    <subfield code="2">ddc</subfield>
    <subfield code="4">0</subfield>
    <subfield code="5">6</subfield>
    <subfield code="7">0</subfield>
    <subfield code="8">SE</subfield>
    <subfield code="a">BNPHU</subfield>
    <subfield code="b">BNPHU</subfield>
    <subfield code="d">2026-05-14</subfield>
    <subfield code="h">A&#xF1;o 7, N&#xB0; 21, enero - marzo 2011</subfield>
    <subfield code="l">0</subfield>
    <subfield code="p">2026-4038</subfield>
    <subfield code="r">2026-05-14</subfield>
    <subfield code="t">e.1</subfield>
    <subfield code="w">2026-05-14</subfield>
    <subfield code="y">ISSUE</subfield>
    <subfield code="z">Disponible para consulta en: Hemeroteca.</subfield>
  </datafield>
  <datafield tag="952" ind1=" " ind2=" ">
    <subfield code="0">0</subfield>
    <subfield code="1">0</subfield>
    <subfield code="2">ddc</subfield>
    <subfield code="4">0</subfield>
    <subfield code="5">6</subfield>
    <subfield code="7">0</subfield>
    <subfield code="8">SE</subfield>
    <subfield code="a">BNPHU</subfield>
    <subfield code="b">BNPHU</subfield>
    <subfield code="d">2026-05-14</subfield>
    <subfield code="h">A&#xF1;o 7, N&#xB0; 21, enero - marzo 2011</subfield>
    <subfield code="l">0</subfield>
    <subfield code="p">2026-4039</subfield>
    <subfield code="r">2026-05-14</subfield>
    <subfield code="t">e.2</subfield>
    <subfield code="w">2026-05-14</subfield>
    <subfield code="y">ISSUE</subfield>
    <subfield code="z">Disponible para consulta en: Hemeroteca.</subfield>
  </datafield>
  <datafield tag="952" ind1=" " ind2=" ">
    <subfield code="0">0</subfield>
    <subfield code="1">0</subfield>
    <subfield code="2">ddc</subfield>
    <subfield code="4">0</subfield>
    <subfield code="5">6</subfield>
    <subfield code="7">0</subfield>
    <subfield code="8">SE</subfield>
    <subfield code="a">BNPHU</subfield>
    <subfield code="b">BNPHU</subfield>
    <subfield code="d">2026-05-14</subfield>
    <subfield code="h">A&#xF1;o 8, N&#xB0; 23, mayo - julio 2012</subfield>
    <subfield code="l">0</subfield>
    <subfield code="p">2026-4040</subfield>
    <subfield code="r">2026-05-14</subfield>
    <subfield code="t">e.1</subfield>
    <subfield code="w">2026-05-14</subfield>
    <subfield code="y">ISSUE</subfield>
    <subfield code="z">Disponible para consulta en: Hemeroteca.</subfield>
  </datafield>
  <datafield tag="952" ind1=" " ind2=" ">
    <subfield code="0">0</subfield>
    <subfield code="1">0</subfield>
    <subfield code="2">ddc</subfield>
    <subfield code="4">0</subfield>
    <subfield code="5">6</subfield>
    <subfield code="7">0</subfield>
    <subfield code="8">SE</subfield>
    <subfield code="a">BNPHU</subfield>
    <subfield code="b">BNPHU</subfield>
    <subfield code="d">2026-05-14</subfield>
    <subfield code="h">A&#xF1;o 8, N&#xB0; 23, mayo - julio 2012</subfield>
    <subfield code="l">0</subfield>
    <subfield code="p">2026-4041</subfield>
    <subfield code="r">2026-05-14</subfield>
    <subfield code="t">e.2</subfield>
    <subfield code="w">2026-05-14</subfield>
    <subfield code="y">ISSUE</subfield>
    <subfield code="z">Disponible para consulta en: Hemeroteca.</subfield>
  </datafield>
  <datafield tag="952" ind1=" " ind2=" ">
    <subfield code="0">0</subfield>
    <subfield code="1">0</subfield>
    <subfield code="2">ddc</subfield>
    <subfield code="4">0</subfield>
    <subfield code="5">6</subfield>
    <subfield code="7">0</subfield>
    <subfield code="8">SE</subfield>
    <subfield code="a">BNPHU</subfield>
    <subfield code="b">BNPHU</subfield>
    <subfield code="d">2026-05-14</subfield>
    <subfield code="h">A&#xF1;o 8, N&#xB0; 23, mayo - julio 2012</subfield>
    <subfield code="l">0</subfield>
    <subfield code="p">2026-4042</subfield>
    <subfield code="r">2026-05-14</subfield>
    <subfield code="t">e.3</subfield>
    <subfield code="w">2026-05-14</subfield>
    <subfield code="y">ISSUE</subfield>
    <subfield code="z">Disponible para consulta en: Hemeroteca.</subfield>
  </datafield>
  <datafield tag="999" ind1=" " ind2=" ">
    <subfield code="c">60742</subfield>
    <subfield code="d">60742</subfield>
  </datafield>
</record>
